[Event "Titled Tue 17th Jun Late"]
[Site "chess.com INT"]
[Date "2025.06.17"]
[Round "3"]
[White "Lopez Del Alamo, Antonio"]
[Black "George Samir, David"]
[Result "0-1"]
[WhiteTitle "FM"]
[BlackTitle "FM"]
[WhiteElo "2166"]
[BlackElo "2356"]
[WhiteFideId "2227339"]
[BlackFideId "10657789"]
[EventDate "2025.06.17"]

1. e4 c5 2. Nf3 d6 3. d4 cxd4 4. Nxd4 Nf6 5. Nc3 a6 6. Be2 e5 7. Nb3 Nc6 8. Be3
Be6 9. Nd5 Nxe4 10. Bb6 Qg5 11. Nc7+ Kd7 12. Bf3 Rc8 13. Nxe6 fxe6 14. Bxe4 d5
15. O-O Ke8 16. Bf3 e4 17. Be2 Bd6 18. g3 h5 19. f4 exf3 20. Bxf3 h4 21. Qe2 Ne5
22. Be3 Qg6 23. Bf4 Rxc2 24. Qd1 hxg3 25. Bxg3 Rhxh2 26. Nd4 Qxg3+ 27. Bg2
Rcxg2# 0-1

[Event "Titled Tue 17th Jun Late"]
[Site "chess.com INT"]
[Date "2025.06.17"]
[Round "3"]
[White "Ozen, Batuhan"]
[Black "Arakelyan, Manvel"]
[Result "0-1"]
[WhiteTitle "CM"]
[BlackTitle "FM"]
[WhiteElo "2128"]
[BlackElo "2326"]
[WhiteFideId "6345123"]
[BlackFideId "13317415"]
[EventDate "2025.06.17"]

1. c4 e6 2. g3 d5 3. Bg2 Nf6 4. Nf3 Be7 5. O-O O-O 6. b3 a5 7. a3 d4 8. Bb2 Nc6
9. d3 e5 10. Ne1 Be6 11. Nc2 Nd7 12. Nd2 Nc5 13. b4 Na4 14. Nxd4 Nxd4 15. Bxd4
Qxd4 16. Qxa4 axb4 17. Qb5 bxa3 18. Nf3 Qb2 19. Qxe5 Bf6 20. Qxb2 axb2 21. Rab1
Ra1 22. d4 Ra2 23. c5 Bf5 24. Nd2 Bxb1 25. Rxb1 Bxd4 26. Nb3 Ra1 27. Be4 Rxb1+
28. Bxb1 Ra8 0-1

[Event "Titled Tue 17th Jun Late"]
[Site "chess.com INT"]
[Date "2025.06.17"]
[Round "3"]
[White "Danzer, George"]
[Black "Muratov, Batyrkhan"]
[Result "0-1"]
[WhiteTitle "CM"]
[BlackTitle "FM"]
[WhiteElo "2172"]
[BlackElo "2337"]
[WhiteFideId "4659465"]
[BlackFideId "13712667"]
[EventDate "2025.06.17"]

1. e4 c5 2. Nf3 Nc6 3. d4 cxd4 4. Nxd4 g6 5. c4 Nf6 6. Nc3 d6 7. Be2 Nxd4 8.
Qxd4 Bg7 9. O-O O-O 10. Qd3 Be6 11. Nd5 Bxd5 12. exd5 a6 13. Re1 Rb8 14. a4 Nd7
15. a5 Nc5 16. Qe3 b6 17. Bd2 Bxb2 18. Rab1 Bf6 19. axb6 Rxb6 20. h4 Qb8 21.
Rxb6 Qxb6 22. h5 a5 23. hxg6 fxg6 24. Bg4 Qb2 25. Be6+ Nxe6 26. Qxe6+ Kg7 27.
Be3 a4 28. g4 Qe5 29. Qd7 a3 30. Bh6+ Kxh6 31. Rxe5 Bxe5 32. Qa7 Bb2 33. g5+
Kxg5 34. Qxe7+ Rf6 35. Qa7 Rf5 36. c5 Rxd5 37. cxd6 Rxd6 38. Kg2 Rd5 39. Kg3
Be5+ 40. Kf3 Bd6 0-1

[Event "Titled Tue 17th Jun Late"]
[Site "chess.com INT"]
[Date "2025.06.17"]
[Round "3"]
[White "Nguyen, Ngoc Truong Son"]
[Black "Yatskar, Martin"]
[Result "1-0"]
[WhiteTitle "GM"]
[BlackTitle "CM"]
[WhiteElo "2600"]
[BlackElo "2225"]
[WhiteFideId "12401110"]
[BlackFideId "34109676"]
[EventDate "2025.06.17"]

1. e4 e5 2. Nf3 Nc6 3. Nc3 Nf6 4. d4 exd4 5. Nxd4 Bb4 6. Nxc6 bxc6 7. Bd3 O-O 8.
O-O Re8 9. Qf3 d6 10. Bg5 Rb8 11. Ne2 a5 12. Ng3 h6 13. Bxf6 Qxf6 14. Qxf6 gxf6
15. Nh5 Re5 16. g4 Kf8 17. h3 Bc5 18. b3 Ke7 19. Kg2 d5 20. f4 Re6 21. Ng7 Rd6
22. Rae1 Kf8 23. e5 fxe5 24. fxe5 Kxg7 25. exd6 Bxd6 26. Re8 c5 27. Rfe1 c4 28.
bxc4 dxc4 29. Bxc4 Bb7+ 30. Kf1 Rxe8 31. Rxe8 a4 32. Ke2 a3 33. Re3 Bc6 34. Kd3
Kf6 35. Kd4 Bf4 36. Rxa3 1-0

[Event "Titled Tue 17th Jun Late"]
[Site "chess.com INT"]
[Date "2025.06.17"]
[Round "3"]
[White "Bouchet, Sebastien"]
[Black "Martinez, Leonard"]
[Result "1-0"]
[WhiteTitle "CM"]
[WhiteElo "2180"]
[BlackElo "2216"]
[WhiteFideId "623571"]
[BlackFideId "2020572"]
[EventDate "2025.06.17"]

1. e4 Nf6 2. e5 Nd5 3. c4 Nb6 4. c5 Nd5 5. Bc4 c6 6. Nc3 d6 7. cxd6 exd6 8. Nf3
Be7 9. O-O O-O 10. h3 Be6 11. Ne4 dxe5 12. Nxe5 Nd7 13. d4 N7b6 14. Bb3 Nf6 15.
Bxe6 Nxe4 16. Bb3 Nd5 17. Qf3 Nef6 18. Bg5 Qd6 19. Rfe1 Rad8 20. Rad1 Rfe8 21.
a3 a5 22. Bh4 Rf8 23. Bg3 Qe6 24. Ng6 Qd7 25. Nxf8 Bxf8 26. Re2 b5 27. Rc2 a4
28. Ba2 Re8 29. Be5 Bd6 30. Rdc1 Bxe5 31. dxe5 Rxe5 32. Rxc6 g6 33. Rxf6 Nxf6
34. Qxf6 Rf5 35. Bxf7+ Kf8 36. Be6+ 1-0

[Event "Titled Tue 17th Jun Late"]
[Site "chess.com INT"]
[Date "2025.06.17"]
[Round "3"]
[White "Chakrabarti, Brejesh"]
[Black "Thomforde-Toates, Noah"]
[Result "0-1"]
[WhiteTitle "FM"]
[WhiteElo "2282"]
[BlackElo "2128"]
[WhiteFideId "30969280"]
[BlackFideId "30951992"]
[EventDate "2025.06.17"]

1. c4 Nf6 2. g3 g6 3. Bg2 Bg7 4. Nf3 O-O 5. O-O d6 6. d4 Nc6 7. Nc3 e5 8. dxe5
Nxe5 9. Nxe5 dxe5 10. Bg5 Qxd1 11. Rfxd1 c6 12. Na4 Be6 13. b3 Nd7 14. Be7 Rfe8
15. Bd6 Bf8 16. c5 Rac8 17. Rac1 f6 18. e3 Kf7 19. Rd2 h5 20. Rcd1 Bxd6 21. Rxd6
Ke7 22. Be4 f5 23. Bb1 b5 24. cxb6 axb6 25. R6d2 b5 26. Nc3 Nb6 27. f4 e4 28.
Ne2 c5 29. Kf2 Red8 30. Nc1 Rxd2+ 31. Rxd2 b4 32. h3 c4 33. bxc4 Nxc4 34. Rc2
Na3 35. Rxc8 Bxc8 36. Bxe4 fxe4 37. g4 hxg4 38. hxg4 Bxg4 39. Kg3 Be6 40. Kh4
Nc2 41. Kg5 Kf7 42. Ne2 Bxa2 43. Ng3 Bd5 0-1

[Event "Titled Tue 17th Jun Late"]
[Site "chess.com INT"]
[Date "2025.06.17"]
[Round "3"]
[White "Gerbelli Neto, Eduardo"]
[Black "Campbell, Charles"]
[Result "1-0"]
[BlackTitle "CM"]
[WhiteElo "2114"]
[BlackElo "2138"]
[WhiteFideId "2103281"]
[BlackFideId "8500436"]
[EventDate "2025.06.17"]

1. e4 c6 2. d4 d5 3. exd5 cxd5 4. c4 Nf6 5. Nc3 g6 6. cxd5 Bg7 7. Qb3 O-O 8. Be2
Nbd7 9. Bf3 Nb6 10. a4 Qc7 11. Nge2 Bf5 12. Bf4 Qc4 13. Qxc4 Nxc4 14. b3 Nd6 15.
O-O a6 16. Rfe1 Rac8 17. h3 h5 18. Rac1 Rfe8 19. Ng3 Bd7 20. Bxd6 exd6 21. Nge4
Nxe4 22. Nxe4 Rxc1 23. Rxc1 Bxd4 24. Nxd6 Re7 25. Nxb7 Bf5 26. d6 Rd7 27. Bc6
Kf8 28. Bxd7 Bxd7 29. Rc7 Ke8 30. Nc5 Bxc5 31. Rxc5 Kd8 32. Ra5 Bc8 33. Rd5 Kd7
34. f4 Kc6 35. Rd3 Be6 36. b4 Kd7 37. Kf2 Bc4 38. Rd4 Be6 39. Ke3 Kc6 40. Ke4 f6
41. Rd2 Bf5+ 42. Kf3 h4 43. Rd4 Bd7 44. g4 hxg3 45. Kxg3 Bf5 46. h4 Bd7 47. Kf3
Bf5 48. Ke3 Bd7 49. Kd2 Be6 50. Kc3 Bd7 51. Rd2 Bf5 52. b5+ axb5 53. axb5+ Kd7
54. Kb4 Be4 55. Kc5 Bf3 56. Ra2 Be4 57. Ra7+ Kd8 58. Rg7 Bf5 59. b6 Kc8 60. b7+
Kb8 61. Kb6 Be6 62. Re7 1-0

[Event "Titled Tue 17th Jun Late"]
[Site "chess.com INT"]
[Date "2025.06.17"]
[Round "3"]
[White "Gumularz, Szymon"]
[Black "Jarmula, Lukasz"]
[Result "1-0"]
[WhiteTitle "GM"]
[BlackTitle "GM"]
[WhiteElo "2605"]
[BlackElo "2440"]
[WhiteFideId "1188062"]
[BlackFideId "1160664"]
[EventDate "2025.06.17"]

1. Nf3 Nf6 2. d4 g6 3. g3 Bg7 4. Bg2 O-O 5. O-O d6 6. Nc3 Bf5 7. Nh4 Bc8 8. e4
e5 9. Nf3 Nc6 10. d5 Ne7 11. a4 a5 12. Nd2 Nd7 13. Nc4 f5 14. exf5 gxf5 15. Bg5
h6 16. Bh4 Nf6 17. Nb5 Ng6 18. Bxf6 Bxf6 19. Ra3 Kh7 20. Rc3 Rf7 21. Bh3 e4 22.
Rb3 Rg7 23. Kh1 Bd7 24. Nd4 Bxd4 25. Qxd4 b6 26. f3 Nf4 27. gxf4 Qh4 28. fxe4
Rag8 29. e5 Bxa4 30. Bxf5+ Kh8 31. Rh3 dxe5 32. Rxh4 1-0

[Event "Titled Tue 17th Jun Late"]
[Site "chess.com INT"]
[Date "2025.06.17"]
[Round "3"]
[White "Wu, William"]
[Black "Beulen, Marcel"]
[Result "1/2-1/2"]
[BlackTitle "FM"]
[WhiteElo "1998"]
[BlackElo "2359"]
[WhiteFideId "39940411"]
[BlackFideId "1001450"]
[EventDate "2025.06.17"]

1. e4 d5 2. exd5 Qxd5 3. Nc3 Qa5 4. d4 Nf6 5. Nf3 Bf5 6. Bc4 e6 7. O-O c6 8. Ne5
Nbd7 9. Re1 Be7 10. g4 Nxe5 11. Rxe5 Qb4 12. gxf5 Qxc4 13. fxe6 fxe6 14. Qe2
Qxe2 15. Rxe2 Kf7 16. Bf4 Rad8 17. Rae1 Rxd4 18. Rxe6 Bb4 19. Bg3 Re8 20. Rxe8
Nxe8 21. Re3 Bxc3 22. Rxc3 Nf6 23. Rb3 Rd7 24. Kf1 Ne4 25. Ke1 Nxg3 26. hxg3 Ke6
27. Ke2 Ke5 28. Re3+ Kf5 29. Rf3+ Ke5 30. Re3+ Kf5 31. Re8 h5 32. Rh8 g6 33.
Rf8+ Kg5 34. Re8 a6 35. a4 Kg4 36. Re4+ Kf5 37. Rf4+ Ke5 38. Rf8 Ke4 39. b3 Kd4
40. Kd2 Ke4+ 41. Ke2 Kd4 42. Kd2 Ke4+ 43. Ke2 1/2-1/2

[Event "Titled Tue 17th Jun Late"]
[Site "chess.com INT"]
[Date "2025.06.17"]
[Round "3"]
[White "Nakonechnyi, Oleksii"]
[Black "Smieszek, Wojciech"]
[Result "0-1"]
[WhiteTitle "CM"]
[BlackTitle "CM"]
[WhiteElo "2222"]
[BlackElo "2141"]
[WhiteFideId "34173714"]
[BlackFideId "1156047"]
[EventDate "2025.06.17"]

1. e4 c5 2. Nf3 g6 3. c3 Bg7 4. d4 cxd4 5. cxd4 d5 6. e5 Nh6 7. h3 O-O 8. Nc3
Bf5 9. Bd3 Nc6 10. O-O e6 11. a3 Bxd3 12. Qxd3 Nf5 13. b4 a6 14. Rd1 f6 15. exf6
Qxf6 16. Ne2 h6 17. Bb2 Nh4 18. Nxh4 Qxf2+ 19. Kh2 Qxh4 20. Qxg6 Rf6 21. Qg3 Qe4
22. Rf1 Rxf1 23. Rxf1 Qxe2 24. Rf4 Rf8 25. Rg4 Rf7 26. Bc1 Kh7 27. Qh4 Nxd4 28.
Rxd4 Be5+ 29. Rf4 Qf1 30. g3 Bxf4 31. Bxf4 Qf2+ 32. Kh1 Rxf4 33. Qe7+ Rf7 34.
Qxe6 Qf1+ 0-1

[Event "Titled Tue 17th Jun Late"]
[Site "chess.com INT"]
[Date "2025.06.17"]
[Round "3"]
[White "Sarkar, Justin"]
[Black "Aalto, Patrik"]
[Result "0-1"]
[WhiteTitle "IM"]
[BlackTitle "FM"]
[WhiteElo "2284"]
[BlackElo "2316"]
[WhiteFideId "2010011"]
[BlackFideId "510726"]
[EventDate "2025.06.17"]

1. e4 c5 2. Nf3 e6 3. d4 cxd4 4. Nxd4 Nc6 5. Nc3 Qc7 6. Ncb5 Qb8 7. Bd3 Nf6 8.
O-O Be7 9. Nxc6 bxc6 10. Nd4 O-O 11. c4 c5 12. Ne2 Bb7 13. Bf4 d6 14. Nc3 Nd7
15. Re1 Bf6 16. Qd2 Ne5 17. Bf1 Rd8 18. Rad1 a6 19. Bg5 Bxg5 20. Qxg5 Nc6 21. f4
Nd4 22. f5 Rd7 23. f6 g6 24. e5 Qf8 25. exd6 Qxd6 26. Re5 Rc8 27. Rde1 Nf5 0-1

[Event "Titled Tue 17th Jun Late"]
[Site "chess.com INT"]
[Date "2025.06.17"]
[Round "3"]
[White "Wu, Derek"]
[Black "Marchesich, Giovanni"]
[Result "1-0"]
[WhiteTitle "FM"]
[BlackTitle "CM"]
[WhiteElo "2232"]
[BlackElo "2189"]
[WhiteFideId "30914558"]
[BlackFideId "2824790"]
[EventDate "2025.06.17"]

1. d4 c5 2. d5 e5 3. Nc3 d6 4. e4 Be7 5. Nf3 Nf6 6. Be2 O-O 7. Nd2 Ne8 8. g4 Bg5
9. h4 Bf4 10. Nc4 Bxc1 11. Qxc1 Na6 12. g5 Nac7 13. a4 f5 14. gxf6 Qxf6 15. Qe3
Bd7 16. h5 Qe7 17. Rg1 Nf6 18. O-O-O Rab8 19. Rg5 b5 20. Nxe5 b4 21. Nb1 Bxa4
22. Bc4 Bb5 23. Bxb5 Nxb5 24. Nc6 Qf7 25. Nxb8 Rxb8 26. Rdg1 Ne8 27. Nd2 Nd4 28.
f4 Rb7 29. h6 g6 30. f5 Kh8 31. fxg6 hxg6 32. Rxg6 b3 33. c3 1-0

[Event "Titled Tue 17th Jun Late"]
[Site "chess.com INT"]
[Date "2025.06.17"]
[Round "3"]
[White "Terkiewicz, Bruno"]
[Black "Rustemov, Alexander"]
[Result "0-1"]
[WhiteTitle "CM"]
[BlackTitle "GM"]
[WhiteElo "2183"]
[BlackElo "2525"]
[WhiteFideId "21093245"]
[BlackFideId "4119002"]
[EventDate "2025.06.17"]

1. e4 e6 2. d4 d5 3. Nc3 Bb4 4. e5 c5 5. a3 Bxc3+ 6. bxc3 Ne7 7. Qg4 O-O 8. h4
f5 9. exf6 Rxf6 10. Bg5 Rf7 11. Nf3 Nbc6 12. Ne5 Nxe5 13. dxe5 Bd7 14. h5 Qc7
15. f4 Nf5 16. h6 g6 17. Qh3 d4 18. Bd3 Ne3 19. Bf6 Raf8 20. Bxg6 Rxf6 21. exf6
Qxf4 22. Bd3 c4 23. g3 Qe5 24. Qh5 Nf5+ 25. Kd1 cxd3 26. cxd3 Rxf6 27. Qg5+ Kf7
28. Kc1 dxc3 29. g4 Qe3+ 0-1

[Event "Titled Tue 17th Jun Late"]
[Site "chess.com INT"]
[Date "2025.06.17"]
[Round "3"]
[White "Unver, Cumayi"]
[Black "Borisov, Yuri"]
[Result "0-1"]
[BlackTitle "FM"]
[WhiteElo "2012"]
[BlackElo "2285"]
[WhiteFideId "6304940"]
[BlackFideId "1503928"]
[EventDate "2025.06.17"]

1. d4 e6 2. Nf3 f5 3. Bg5 Nf6 4. c4 d5 5. Nc3 c6 6. Ne5 Bd6 7. e3 O-O 8. Bd3 Qe8
9. f3 Nbd7 10. Bf4 Nh5 11. Nxd7 Qxd7 12. Bxd6 Qxd6 13. f4 Nf6 14. c5 Qc7 15. b4
Ne4 16. Bxe4 fxe4 17. a4 b6 18. O-O a5 19. cxb6 Qxb6 20. Rb1 axb4 21. Qb3 Rb8
22. Rfc1 Ba6 23. Na2 Bd3 24. Rb2 Qa5 25. Rc5 Qa6 26. Nxb4 Qa8 27. Qc3 Qxa4 28.
Nxd3 Qd1+ 29. Qe1 Qxe1+ 30. Nxe1 Rxb2 31. Rxc6 Kf7 32. Rc1 Ra8 33. h3 Raa2 34.
Kh2 Re2 0-1

[Event "Titled Tue 17th Jun Late"]
[Site "chess.com INT"]
[Date "2025.06.17"]
[Round "3"]
[White "Dubnevych, Maksym"]
[Black "Casadio, Niccolo'"]
[Result "1-0"]
[WhiteTitle "FM"]
[BlackTitle "FM"]
[WhiteElo "2296"]
[BlackElo "2249"]
[WhiteFideId "14184001"]
[BlackFideId "2827951"]
[EventDate "2025.06.17"]

1. Nc3 d5 2. e4 d4 3. Nce2 e5 4. c3 c5 5. Ng3 Nc6 6. Nf3 h6 7. Bc4 Bd6 8. O-O
Nge7 9. d3 Na5 10. Bb5+ Bd7 11. Bxd7+ Qxd7 12. c4 O-O 13. Nh4 Rfe8 14. Qh5 Qe6
15. Nhf5 Ng6 16. Qf3 Bf8 17. Nh5 Kh8 18. Qg3 a6 19. f4 exf4 20. Bxf4 Nc6 21. Bd6
Bxd6 22. Nxd6 Rf8 23. Nf5 Rg8 24. Nd6 Nce5 25. Nf5 b5 26. b3 Rab8 27. Rf2 bxc4
28. bxc4 Rb6 29. Raf1 a5 30. h4 Qe8 31. Nhxg7 Rxg7 32. Nxg7 Kxg7 33. h5 Kg8 34.
Rf5 1-0

[Event "Titled Tue 17th Jun Late"]
[Site "chess.com INT"]
[Date "2025.06.17"]
[Round "3"]
[White "Ljepic, Andrej"]
[Black "Klepek, Witold"]
[Result "1-0"]
[WhiteTitle "FM"]
[BlackTitle "CM"]
[WhiteElo "2358"]
[BlackElo "2253"]
[WhiteFideId "980625"]
[BlackFideId "1175068"]
[EventDate "2025.06.17"]

1. Nf3 Nf6 2. b3 g6 3. Bb2 Bg7 4. g4 h6 5. Bg2 d6 6. h3 c5 7. c4 Nc6 8. Nc3 a6
9. d4 O-O 10. d5 Na5 11. Qc2 Rb8 12. a4 h5 13. O-O-O hxg4 14. hxg4 Nxg4 15. Ne4
Bf5 16. Bxg7 Kxg7 17. Qc3+ f6 18. Nh4 Bxe4 19. Bxe4 Nxf2 20. Qg3 Nxb3+ 21. Kb1
g5 22. Nf5+ Kf7 23. Rh7+ Ke8 24. Qxf2 Qb6 25. Ng7+ Kd8 26. Ne6+ Kc8 27. Ka2 Nd4
28. Rxd4 cxd4 29. Rxe7 1-0

[Event "Titled Tue 17th Jun Late"]
[Site "chess.com INT"]
[Date "2025.06.17"]
[Round "3"]
[White "Fiorito, Joaquin"]
[Black "Ferey, Antonin"]
[Result "1-0"]
[WhiteTitle "IM"]
[BlackTitle "CM"]
[WhiteElo "2419"]
[BlackElo "2238"]
[WhiteFideId "180173"]
[BlackFideId "36051454"]
[EventDate "2025.06.17"]

1. d4 Nf6 2. c4 g6 3. Nf3 Bg7 4. g3 d6 5. Bg2 O-O 6. O-O Nbd7 7. Nc3 c6 8. e4 e5
9. Re1 a5 10. h3 Re8 11. Be3 a4 12. Qc2 Qa5 13. Rad1 exd4 14. Nxd4 Nc5 15. Bf4
Bf8 16. Bd2 Qb6 17. Be3 Qa5 18. f4 Bg7 19. Nde2 Be6 20. Rxd6 Bxc4 21. e5 Nd5 22.
Nxd5 Qxe1+ 23. Bf1 Bxe2 24. Qxe2 Qxg3+ 25. Bg2 Ne4 26. Nc7 Nxd6 27. Nxa8 Rxa8
28. exd6 Re8 29. d7 Rd8 30. Bb6 Qh4 31. Qb5 Bf6 32. Qe2 Qxf4 33. Bxd8 1-0

[Event "Titled Tue 17th Jun Late"]
[Site "chess.com INT"]
[Date "2025.06.17"]
[Round "3"]
[White "Domingo Nunez, Alejandro"]
[Black "Khlebovich, Alexander"]
[Result "0-1"]
[WhiteTitle "FM"]
[BlackTitle "IM"]
[WhiteElo "2340"]
[BlackElo "2423"]
[WhiteFideId "22245561"]
[BlackFideId "4169123"]
[EventDate "2025.06.17"]

1. e4 c5 2. d4 cxd4 3. c3 d5 4. exd5 Qxd5 5. cxd4 Nf6 6. Nc3 Qd8 7. Nf3 g6 8.
Bc4 Bg7 9. O-O O-O 10. h3 Nc6 11. Re1 Na5 12. Bf1 Be6 13. Ng5 Bc4 14. Bxc4 Nxc4
15. Qb3 Nb6 16. Nf3 e6 17. Bg5 h6 18. Bxf6 Qxf6 19. Rad1 Rfd8 20. a4 Qf5 21. Ne5
Rab8 22. g4 Qf6 23. Ne4 Qe7 24. Nc5 Nd5 25. Nxg6 fxg6 26. Nxe6 Rd6 27. Nxg7 Qxg7
28. Re5 Qf7 29. Rde1 Rf8 30. Qg3 Rf6 31. R1e2 Rf3 32. Qh4 Nf4 33. Rc2 Nxh3+ 34.
Kh1 Nxf2+ 35. Kg2 Nd3 36. Re7 Rf2+ 0-1

[Event "Titled Tue 17th Jun Late"]
[Site "chess.com INT"]
[Date "2025.06.17"]
[Round "3"]
[White "Ristic, Nebojsa M"]
[Black "Cupid, Kevin"]
[Result "0-1"]
[WhiteTitle "IM"]
[BlackTitle "FM"]
[WhiteElo "2248"]
[BlackElo "2189"]
[WhiteFideId "900850"]
[BlackFideId "7700512"]
[EventDate "2025.06.17"]

1. d4 Nf6 2. Bf4 d5 3. e3 Bf5 4. Nf3 e6 5. c4 c6 6. Nc3 Bd6 7. Bxd6 Qxd6 8. Qb3
b6 9. cxd5 exd5 10. Ne5 O-O 11. Be2 Nbd7 12. f4 Ne4 13. g4 Nxc3 14. Qxc3 Be4 15.
O-O Rac8 16. Bd3 Bxd3 17. Qxd3 f6 18. Nf3 Rfe8 19. Nh4 Qe6 20. Ng2 Qxg4 21. Kh1
f5 22. Rg1 Qh3 23. Raf1 Re6 24. Qd1 Rh6 25. Nh4 Rxh4 26. Rf2 Qxe3 27. Rf3 Qe6
28. Re1 Qf7 29. Rg3 Nf6 30. Re5 Ng4 31. Re2 Re8 0-1

[Event "Titled Tue 17th Jun Late"]
[Site "chess.com INT"]
[Date "2025.06.17"]
[Round "3"]
[White "Hernandez Leon, Sergio"]
[Black "Asish Panda"]
[Result "1-0"]
[WhiteTitle "CM"]
[WhiteElo "2102"]
[BlackElo "1911"]
[WhiteFideId "2285622"]
[BlackFideId "45012458"]
[EventDate "2025.06.17"]

1. Nf3 d5 2. b3 Nf6 3. Bb2 e6 4. c4 Be7 5. e3 O-O 6. Nc3 b6 7. cxd5 exd5 8. d3
c5 9. Be2 Bb7 10. O-O Nc6 11. Rc1 Rc8 12. d4 Bd6 13. dxc5 bxc5 14. Na4 Nb8 15.
Ba3 Nbd7 16. Nc3 Re8 17. Bb2 Ne5 18. Na4 Nxf3+ 19. Bxf3 Qe7 20. g3 Ne4 21. Bxe4
Qxe4 22. Qc2 Qf3 23. Qd1 Qe4 24. Qc2 Qg4 25. f3 Qh3 26. Qg2 Qxg2+ 27. Kxg2 Rxe3
28. Rfe1 Rce8 29. Rxe3 Rxe3 30. Rc2 d4 31. Rf2 g5 32. Bc1 Rxf3 33. Rxf3 g4 34.
Kf2 Bxf3 35. Ba3 Be4 36. Bxc5 Be5 37. Bxa7 Bb1 38. Nb2 d3 39. Nd1 Bxa2 40. Ke3
Bxb3 41. Nf2 h5 42. Nxd3 Bc7 43. Nf4 f5 44. Nxh5 Kf8 45. Nf4 Kf7 46. Bd4 Ba5 47.
Ne2 Bd5 48. Kf4 Kg6 49. Nc3 Bc7+ 50. Be5 1-0

[Event "Titled Tue 17th Jun Late"]
[Site "chess.com INT"]
[Date "2025.06.17"]
[Round "3"]
[White "Ramirez Gonzalez, Mauricio"]
[Black "Garcia, Jhoel"]
[Result "1-0"]
[WhiteTitle "FM"]
[BlackTitle "IM"]
[WhiteElo "2115"]
[BlackElo "2293"]
[WhiteFideId "3904326"]
[BlackFideId "3801110"]
[EventDate "2025.06.17"]

1. d4 e6 2. Bf4 Nf6 3. e3 d5 4. Nd2 c5 5. c3 Bd6 6. Bg3 Nc6 7. Bd3 O-O 8. Ngf3
Qe7 9. Ne5 Nd7 10. Nxd7 Bxd7 11. Bxd6 Qxd6 12. dxc5 Qxc5 13. Bxh7+ Kxh7 14. Qh5+
Kg8 15. Ne4 Qc4 16. Ng5 Qd3 17. e4 Rfd8 18. Qxf7+ Kh8 19. Rd1 Qc2 20. Qh5+ Kg8
21. Qf7+ Kh8 22. O-O Ne5 23. Qh5+ Kg8 24. Qh7+ Kf8 25. Qh8+ Ke7 26. Qxg7+ Kd6
27. f4 Nc4 28. exd5 exd5 29. Nf7+ Kc7 30. Nxd8 Rxd8 31. Rxd5 Kb8 32. Qe7 Rg8 33.
g3 Bc6 34. Rd8+ 1-0

[Event "Titled Tue 17th Jun Late"]
[Site "chess.com INT"]
[Date "2025.06.17"]
[Round "3"]
[White "Tsydypov, Zhamsaran"]
[Black "Kadam, Om Manish"]
[Result "1-0"]
[WhiteTitle "GM"]
[BlackTitle "FM"]
[WhiteElo "2514"]
[BlackElo "2321"]
[WhiteFideId "4108566"]
[BlackFideId "45076294"]
[EventDate "2025.06.17"]

1. e4 c6 2. d4 g6 3. h4 h5 4. Bd3 d5 5. e5 Bg7 6. c3 Nh6 7. Nf3 Bf5 8. Be2 Bg4
9. Ng5 Bxe2 10. Qxe2 e6 11. Nd2 c5 12. Qb5+ Nd7 13. Qxb7 cxd4 14. cxd4 Nf5 15.
Ndf3 O-O 16. O-O Nb6 17. b3 Qc8 18. Qxc8 Rfxc8 19. Ba3 Bh6 20. g3 Rc2 21. Rfc1
Rac8 22. Rxc2 Rxc2 23. Bc5 Bf8 24. b4 Na4 25. Ne1 Rb2 26. a3 a5 27. Ngf3 axb4
28. axb4 Nxc5 29. bxc5 Rb4 30. Nd3 Rb3 31. Nde1 Rb4 32. Rc1 Bh6 33. Rc2 Rc4 34.
Kf1 Kf8 35. Rxc4 dxc4 36. Nc2 Ke7 37. Ke2 Kd7 38. Nd2 Kc6 39. Nxc4 Kd5 40. Kd3
Bc1 41. Nb4# 1-0

[Event "Titled Tue 17th Jun Late"]
[Site "chess.com INT"]
[Date "2025.06.17"]
[Round "3"]
[White "Szpar, Milosz"]
[Black "Ferrara, Enzo"]
[Result "1-0"]
[WhiteTitle "IM"]
[WhiteElo "2495"]
[BlackElo "2138"]
[WhiteFideId "1184989"]
[BlackFideId "137731"]
[EventDate "2025.06.17"]

1. e4 e6 2. d4 d5 3. Nc3 Bb4 4. e5 c5 5. a3 Bxc3+ 6. bxc3 Ne7 7. Qg4 Qc7 8. Qxg7
Rg8 9. Qxh7 cxd4 10. Qd3 Qxe5+ 11. Ne2 dxc3 12. Qxc3 Nbc6 13. Rb1 d4 14. Qd3 Nd5
15. Bd2 b6 16. g3 Bb7 17. Bg2 Rd8 18. O-O Rh8 19. Rfe1 Qh5 20. h4 Qg4 21. Nf4
Nxf4 22. Bxf4 Na5 23. f3 Qg7 24. Bg5 Rd5 25. Rb5 Ba6 26. Rxd5 1-0

[Event "Titled Tue 17th Jun Late"]
[Site "chess.com INT"]
[Date "2025.06.17"]
[Round "3"]
[White "Ahmad, Khagan"]
[Black "Demaria, Juan Pablo"]
[Result "1-0"]
[WhiteTitle "IM"]
[BlackTitle "FM"]
[WhiteElo "2394"]
[BlackElo "2215"]
[WhiteFideId "13431552"]
[BlackFideId "104922"]
[EventDate "2025.06.17"]

1. d4 Nf6 2. c4 e6 3. Nf3 Bb4+ 4. Bd2 c5 5. Bxb4 cxb4 6. g3 d5 7. Bg2 Nc6 8. O-O
O-O 9. Nbd2 a5 10. Ne5 Nxd4 11. cxd5 exd5 12. Ndf3 Nxf3+ 13. exf3 Be6 14. Qd4
Rc8 15. Rac1 Qd6 16. f4 h6 17. Nc4 Qc5 18. Qxc5 Rxc5 19. Nd6 b6 20. Rxc5 bxc5
21. Nb7 c4 22. Nxa5 Ra8 23. Nxc4 Rxa2 24. Ne3 Rxb2 25. f5 Bd7 26. Rd1 Ba4 27.
Ra1 Bb3 28. Bf1 d4 29. Nc4 Rc2 30. Ne5 Ng4 31. Nxg4 f6 32. Rb1 Ba2 33. Rxb4 h5
34. Nxf6+ gxf6 35. Rxd4 Rc1 36. Kg2 Kg7 37. Be2 h4 38. Rg4+ Kf7 39. Rxh4 Bb1 40.
Rf4 Kg7 41. h4 Kh6 42. Bf3 Bd3 43. g4 Bf1+ 44. Kg3 Rc3 45. Re4 Bb5 46. Kf4 Bc6
47. g5+ Kg7 48. gxf6+ Kf7 49. Re7+ Kxf6 50. Re6+ Kf7 51. Bxc6 Rc4+ 52. Be4 1-0